000 00523nam a2200169Ia 4500
005 20250508160140.0
008 008 250505s9999 xx 000 0 eng d
037 _aBooks to be hide in OPAC
040 _aFEDL
_beng
_cFEDL
041 _aeng
_2eng
084 _a371.4, NCE/O
_qFEDL
245 0 _aProgramme of work: April 1964 to March 1967
260 _aNew Delhi, India
_bNational Council of Educational Research and Training
300 _a31p.
942 _cHB
_h371.4, NCE/O
999 _c1362215
_d1362215